000 00245nmm a2200085Ia 4500
008 220120s9999||||xx |||||||||||||||||und||
100 _aPCQ
245 0 _a10 best data recovery software, 4 key developer software upd
260 _aCyber media Pvt. Ltd.
999 _c139800
_d139800